000 00648nam a22001817a 4500
003 BD-DhUL
005 20160211093202.0
008 160128s2013 bg a|||| |||| 00| 0 ben
020 _a9789844450653
040 _aBD-DhUL
_cBD-DhUL
082 _a954.92
_bKHB
100 1 _aখাবীরুজ্জামান, এস এম
245 1 0 _aবঙ্গবন্ধু বাংলাদেশ /
_c এস এম খাবীরুজ্জামান
260 _aঢাকা :
_bপালক,
_c২০১৩.
300 _a৭৭৬ পৃ. :
_bচিত্র ;
_c২২ সেমি.
651 0 _aBangladesh
_xHistory
942 _2ddc
_cBK
999 _c47060
_d47060